| 000 | 00750cab a2200253 4500 | ||
|---|---|---|---|
| 001 | ABS59709 | ||
| 008 | 090401t1998 xxu||||| |||| 00| 0 eng d | ||
| 035 | _a(Sirsi) u89606 | ||
| 041 | _aeng | ||
| 100 | _aFraquelli, S. | ||
| 245 | _aBID for power | ||
| 260 | _c1998 | ||
| 350 | _a0 | ||
| 490 |
_aProperty Week _v63(28) 6 November 1998, 29(1) |
||
| 520 | _aIn the past 25 years more than 1,500 Business Improvement Districts (BIDs) have been established in the US. Discusses the concept and considers how it might work in the UK. | ||
| 650 | _aBIDS | ||
| 650 | _aFINANCING | ||
| 650 | _aLANDOWNERS | ||
| 650 | _aUNITED STATES | ||
| 650 | _aURBAN MANAGEMENT | ||
| 690 | _aOVERSEAS-NORTH AMERICA | ||
| 942 | _n0 | ||
| 948 | _c11/11/1998 | ||
| 999 |
_c56715 _d56715 |
||